00430nam a2200157Ia 4500003000400000008004100004040001600045082001800061100001500079245007200094260004300166300001000209650001800219650001000237650002500247GCL140319s9999 xx 000 0 eng d aGCL / cGCL04a581.6303bB R1 aBOWN, DENI10aTHE ROYAL HORTCULTURAL SOCIETY ENCYCLOPEDIA OF HERBS / cBOWN, DENI a[S.N] : bDORLING KINDERSLEY ، c1995 a424 P04aENCYCLOPEDIES04aHERBS04aHERBS - ENCYCLOPEDIA